Supply Chain and Logistics / Το Περιοδικό για την Εφοδιαστική Αλυσίδα (Record no. 8910)
[ view plain ]
| 000 -LEADER | |
|---|---|
| fixed length control field | 01186cam a22001694a 4500 |
| 005 - ΗΜΕΡΟΜΗΝΙΑ ΚΑΙ ΩΡΑ ΤΕΛΕΥΤΑΙΑΣ ΕΝΗΜΕΡΩΣΗΣ | |
| Πεδίο ελέγχου | 20250605163654.0 |
| 008 - FIXED-LENGTH DATA ELEMENTS--GENERAL INFORMATION | |
| Πεδίο ελέγχου σταθερού μήκους | 250528s ||||||||||||||||||||||||d |
| 035 ## - SYSTEM CONTROL NUMBER | |
| System control number | 24007 |
| 040 ## - ΠΗΓΗ ΚΑΤΑΛΟΓΟΓΡΑΦΗΣΗΣ | |
| Φορέας πρωτότυπης καταλογογράφησης | MC Athens Campus Library |
| Γλώσσα καταλογογράφησης | Ελληνικά, Μοντέρνα (1453-) |
| Modifying agency | MC Athens Campus Library |
| Κανόνες περιγραφικής καταλογογράφησης | AACR2 |
| 245 1# - ΤΙΤΛΟΣ ΚΑΙ ΔΗΛΩΣΗ ΥΠΕΥΘΥΝΟΤΗΤΑΣ | |
| Τίτλος | Supply Chain and Logistics / Το Περιοδικό για την Εφοδιαστική Αλυσίδα |
| 260 ## - PUBLICATION, DISTRIBUTION, ETC. | |
| Name of publisher, distributor, etc. | Parametros Group |
| -- | Scl Magazine, |
| Date of publication, distribution, etc. | 2019 |
| 300 ## - PHYSICAL DESCRIPTION | |
| Extent | 88 |
| 520 ## - SUMMARY, ETC. | |
| Summary, etc. | Επαγγελματικό Όχημα και Αγορά Logistics: Από τα Van στους Τράκτορες για Όλες τις Ανάγκες των Logistics, η Τηλεματική στην Υπηρεσία του Φορτίου σας, Η Ελλάδα θα Μπορούσε να Ανέβει στο Τρένο των Εξελίξεων στις Μεταφορές και να Παίξει Πρωταγωνιστικό Ρόλο, Ανοδική Πορεία για τις Εκθέσεις 'Εφοδιαστική Αλυσίδα και Logistics' και 'Cargo Truck και Van' 2019, Augmented Reality στο Κέντρο Διανομής Β. Ελλ'αδος της Coca Cola 3Ε. |
| 942 ## - ADDED ENTRY ELEMENTS (KOHA) | |
| Koha item type | Περιοδικά Δημοσιεύματα |
| Τύπος τεκμηρίου | Βιβλιοθήκη | Τρέχουσα τοποθεσία | Barcode | Ημερομηνία απόκτησης | Ταξιθετικό σύμβολο | Αριθμός αντιτύπου | Αρίθμηση σειρών / χρονολογία | Κατάσταση απόσυρσης | Κατάσταση χαμένου | Κατάσταση κατεστραμμένου | Μη δανεισμός | Σύνολο δανεισμών | Ημερομηνία τελευταίας εμφάνισης | Η τιμή ισχύει από |
|---|---|---|---|---|---|---|---|---|---|---|---|---|---|---|
| Περιοδικά Δημοσιεύματα | MC Athens Campus Library | MC Athens Campus Library | 9780000089090 | 05/06/2025 | SUPPLY CHAIN & LOGISTICS | 1 | 104 | 05/06/2025 | 05/06/2025 |